000 01055nam a2200217Ia 4500
003 Ost
005 20260507074958.0
008 260507s9999||||xx |||||||||||||| ||und||
040 _cfsecg
041 _aara
082 _a330
100 _aغزالي، محمود
_eمؤلف
245 0 _aالجدوى القومية في العلاقة مع الغرب-2 :
_bالسوق العربية أولا /
_c محمود غزالي
260 _aبيروت:
_bمنريخ لطباعة والنشر,
_c2004
300 _a159 صفحة؛
_bإيضاحات ؛
_c24 سم
520 _aالمصالح القومية في زمن العولمة،المواجهة المصيرية بين الجبهة العربية والشرق أوسطية،المنطقة العربية الحرة،لبنان يواجه تحديات العولمة،...ولكن لاأموال للبحث العلمي،العامل الاجتماعي في الأزمات الاقتصادية
653 _aالاقتصاد
653 _aالعولمة
653 _aالقومية
942 _cكتاب
999 _c42045
_d42045